000
00324nam a2200133Ia 4500
008
220204s9999 xx 000 0 und d
082
_a
681.14DBA
_b
STU
100
_a
Stultz, Russell A
245
0
_a
dBase III plus
260
_a
New Delhi
_b
BPB
_c
1987
650
_a
Computer science
650
_a
Dbase III plus
942
_c
BK
999
_c
39738
_d
39738